01094 a2200217 45000010006000000050017000060080041000230030015000640400040000790800027001192450088001460200018002342500012002522640044002643000019003085050393003270410008007201000020007287000029007488560099007774589720260407155731.0260407a1999 arg spa dAR-UNSa-BCEJYS aAR-UNSa-BCEJYSbspacAR-UNSa-BCEJYS a369xSeguridad social 10aAncianidad y pobreza en el mundo en desarrolloplas villas miserias de Buenos Aires a84-95294-00-1 a2a. ed. 1aBuenos Aires :bMiño y Dávilac1999 a381 p.c20 cm. a1. Ancianidad y bienestar económico en el mundo en desarrollo – 2. Envejecimiento y pobreza en Argentina – 3. La seguridad social y otras estrategias de ingreso a disposición de los ancianos en Buenos Aires – 4. Los casos de estudio: características generales e iniciativas locales para los ancianos – 5. Los casos de estudio: estrategias individuales – 6. Conclusiones -  aspa1 aLaclau, Soledad1 aLloyd-Sherlock, Peter G.41uhttps://www.biblioeco.unsa.edu.ar/pmb/images/libros/L127224.jpgyImagen de portadaqimage/jpeg